000 00703nam a22002417a 4500
001 BR9403778
003 BR-BrBNA
005 20230928094227.0
007 ta
008 230509b bl.||||| |||| 00| 0 por d
040 _aBR-BrBNA
_bpor
_cBiblioteca Nacional de Agricultura
041 _a(Por)
072 _aE11
090 _ E11 BR9403778
110 1 _aProjeto Nordeste, Recife, PE (Brasil)
_98080
245 1 _aPrograma Regional de Apoio ao Pequeno Produtor Rural, vol. 4 - O programa. Parte 2 - Acao fundiaria
260 3 _aRecife, PE (Brasil):
_c1984.
300 _a53 p.
650 _aPolitica Agraria
650 _aPequeno Produtor
909 _a202309
_bLucia
_c55
_dLucia Elande
942 _cBK
999 _c49529
_d49529